000 00223nam a2200085Ia 4500
008 120527s9999 xx 000 0 und d
100 _aPerreant &McCarthy
245 _aBasic Marketing: a global mangerial approach
942 _cBK
999 _c27221
_d27221